<?xml version="1.0" encoding="utf-8"?>
<?xml-stylesheet type='text/xsl' href='./oai2.xsl'?>
<OAI-PMH xmlns="http://www.openarchives.org/OAI/2.0/" xmlns:xsi="http://www.w3.org/2001/XMLSchema-instance" xsi:schemaLocation="http://www.openarchives.org/OAI/2.0/ http://www.openarchives.org/OAI/2.0/OAI-PMH.xsd">
  <responseDate>2026-05-15T23:45:09Z</responseDate>
  <request verb="GetRecord" metadataPrefix="marcxml" identifier="record_kuniweb_22034">https://kulturerbe.niedersachsen.de/oai</request>
  <GetRecord>
    <record>
      <header>
        <identifier>record_kuniweb_22034</identifier>
        <datestamp>2015-06-19T12:07:43Z</datestamp>
        <setSpec>slg0103</setSpec>
      </header>
      <metadata>
        <marc:record xmlns:marc="http://www.loc.gov/MARC21/slim" xsi:schemaLocation="http://www.loc.gov/MARC21/slim http://www.loc.gov/standards/marcxml/schema/MARC21slim.xsd">
          <marc:leader>12345nem  22     uu 4500</marc:leader>
          <marc:controlfield tag="001">22034</marc:controlfield>
          <marc:controlfield tag="003">http://kuniweb.gbv.de</marc:controlfield>
          <marc:controlfield tag="005">2015-04-16T09:27:15</marc:controlfield>
          <marc:controlfield tag="008">|           ||||||||||||||||||||||</marc:controlfield>
          <marc:datafield tag="245" ind1="1" ind2="0">
            <marc:subfield code="a">Westfalia Cum Dioecesi Bremensi</marc:subfield>
          </marc:datafield>
          <marc:datafield tag="700" ind1="1" ind2=" ">
            <marc:subfield code="a">Mercator</marc:subfield>
            <marc:subfield code="d">* 1565 † 1656</marc:subfield>
            <marc:subfield code="e">Zeichner</marc:subfield>
          </marc:datafield>
          <marc:datafield tag="655" ind1=" " ind2="7">
            <marc:subfield code="a">Karten</marc:subfield>
          </marc:datafield>
          <marc:datafield tag="046" ind1=" " ind2=" ">
            <marc:subfield code="k">1585</marc:subfield>
            <marc:subfield code="k">Erstveröffentlichung 1585</marc:subfield>
          </marc:datafield>
          <marc:datafield tag="260" ind1=" " ind2=" ">
            <marc:subfield code="g">1585</marc:subfield>
            <marc:subfield code="g">Erstveröffentlichung 1585</marc:subfield>
          </marc:datafield>
          <marc:datafield tag="300" ind1=" " ind2=" ">
            <marc:subfield code="a">Höhe: 36 cm
Breite: 46,5 cm</marc:subfield>
          </marc:datafield>
          <marc:datafield tag="520" ind1=" " ind2=" ">
            <marc:subfield code="a">Maßstäbe (in cm): 2 gewöhnliche westfälische Meilen = 3,7
Ausrichtung: Norden
Rückseite: Auf Seiten 425 und 428 zweiseitiger französischer Text mit dem Untertitel der Karte „Première Table de Westphalie“, Textübergang &amp; Cherusces, Ordnungsmarkierung Ppppp

Anmerkungen: 
Die vorliegende Karte ist Mercators Westfalenkarte 1 und die nördliche Fortsetzung der Westfalenkarte 2 (vgl. Karten Westfalen 04 und 05).

Literatur in Zusammenhang:
PeterC. J. van der Krogt (Bearbeiter): Koeman’s Atlantes Neerlandici, Band I, 't Goy-Houten 1997, S. 602, Nr. 2301:1.2, 1:114

Literatur in Zusammenhang:
Josef Engel: Karten des westfälischen Raumes aus dem 16. Jahrhundert. Eine kritische Besprechung mit Untersuchungen über die Genauigkeit der Karten, in Westfälische Forschungen 10/1957 (S. 99 bis 120), S. 109 ff., 119

Veröffentlicht in:
als Seiten 425 bis 428 in einer französischen Ausgabe des Atlasses „Gerardi Mercatoris Atlas sive cosmographicae meditationes de fabrica mundi et fabricati figura“, hrsg. von Henricus Hondius, Amsterdam 1628</marc:subfield>
          </marc:datafield>
          <marc:datafield tag="650" ind1="1" ind2=" ">
            <marc:subfield code="a">Landkarte</marc:subfield>
          </marc:datafield>
          <marc:datafield tag="773" ind1="0" ind2=" ">
            <marc:subfield code="t">Sammlung Körber-Einbeck</marc:subfield>
          </marc:datafield>
          <marc:datafield tag="852" ind1=" " ind2=" ">
            <marc:subfield code="a">Institut für Historische Landesforschung der Universität Göttingen</marc:subfield>
          </marc:datafield>
          <marc:datafield tag="" ind1=" " ind2=" ">
            <marc:subfield code="a">Namensnennung-Nicht kommerziell 4.0 International (CC BY-NC 4.0))</marc:subfield>
          </marc:datafield>
        </marc:record>
      </metadata>
    </record>
  </GetRecord>
</OAI-PMH>
